| 000 | 00877nam a2200241Ia 4500 | ||
|---|---|---|---|
| 999 |
_c45346 _d45346 |
||
| 001 | 12170 | ||
| 003 | GE_BSU | ||
| 005 | 20221118144611.0 | ||
| 008 | 181216s2012en xx |||||||||||||| ||eng|| | ||
| 020 | _a9780815722526x | ||
| 040 | _cGE_BSU | ||
| 041 | _aeng | ||
| 080 | _a327 T- 44 | ||
| 245 | 4 |
_aThe Foreign Policy Of The European Union.Assessing Europe's Role in the World. / _cFederica Bindi,Irina Angelescu Editors. |
|
| 250 | _aSecond edition. | ||
| 264 |
_aWashington, _c2012. |
||
| 300 |
_a367 p.: _b23 cm. |
||
| 653 | _aThe Foreign Policy Of The European Union.Assessing Europe's Role in the World. | ||
| 653 | _aევროპის როლის შეფასება მსოფლიოში | ||
| 700 |
_aBindi, Federica _eრედაქტორი _915925 |
||
| 700 |
_aAngelescu, Irina _eრედაქტორი _915926 |
||
| 942 |
_cBK _2udc |
||